Centres de recerca i laboratoris d' assaig de la indústria tèxtil a Catalunya
Descripción Física:
109 p. ; 24 cm
MARC
| LEADER | 00000nam a2200000Ia 4500 | ||
|---|---|---|---|
| 001 | 1546 | ||
| 008 | 160829s1985 xx 000 0 cat d | ||
| 080 | |a C-1-201 | ||
| 245 | |a Centres de recerca i laboratoris d' assaig de la indústria tèxtil a Catalunya | ||
| 260 | |a [Barcelona] : |b Generalitat de Catalunya. Departament d' Indústria i Energia, |c 1985 | ||
| 300 | |a 109 p. ; |c 24 cm | ||
| 650 | |a Indústria tèxtil |x Investigació |x Catalunya |x Directoris |9 37084 | ||
| 710 | 1 | |a Catalunya. |b Direcció General de Política Industrial i Tecnològica |9 56408 | |
| 901 | |a Arxiu | ||
| 942 | |n 1 | ||
| 952 | |0 0 |1 0 |4 0 |6 C1201 |7 1 |9 47643 |a Arxiu |b Arxiu |d 2016-12-01 |l 0 |o C-1-201 |p 1546 |r 2016-12-01 00:00:00 |w 2016-12-01 |y ARXIU | ||
| 999 | |c 51442 |d 51442 | ||